000 01878cam a2200505 a 4500
001 21954
003 VRT
005 20260316113948.0
008 240313s2015 xo a b 000 0 slo
015 _aSNBA2015/09
020 _a9788081078590
_q(viaz.)
039 9 _a202403131538
_bVLOAD
_c202201201858
_dAUTHORITY
_c201911210806
_dAUTHORITY
_c201604300312
_dVLOAD
040 _aPPPK
_bslo
_cPPPK
_dSNK
_eAACR2
041 1 _aslo
_heng
044 _axo
_cSK
072 7 _a00
_xVeda. Všeobecnosti. Základy vedy a kultúry. Vedecká práca
_2konspekt
072 7 _a0/9-053.2
_xLiteratúra pre deti a mládež (náučná)
_2konspekt
080 _a0/9
_22001
080 _a(0.053.2)
_22001
100 1 _aMaclaine, James
_4aut
240 1 0 _aGeneral Knowledge
_lSlovensky
245 1 0 _aVšetko, čo potrebuješ vedieť
_bviac ako 135 okienok a stovky zaujímavosti
_c[text: James Maclaine, Alex Frith ; ilustrácie: Marco Palmieri ; z anglického vydania preložila Jitka Madarásová]
250 _a1. slov. vyd.
260 _aBratislava
_bSvojtka & Co.
_c2015
300 _a15 s.
_bfareb. ilustr.
_c28 cm
490 1 _aOdokry okienko
500 _aKartónové listy s odklápacími okienkami
500 _aNáz. z obalu
521 1 _aPre deti od 3 rokov
650 0 7 _avšeobecnosti a zaujímavosti
_2SNKPH
650 0 7 _aFacts and features
_2SNKPHeng
655 7 _apublikácie pre deti
_2SNKPH
655 7 _aChildren's literature
_2SNKPHeng
700 1 _aFrith, Alex
_4aut
700 1 _aPalmieri, Marco
_4ill
700 1 _aMadarásová, Jitka
_4trl
830 0 _aOdokry okienko
910 _apppk
910 _apokpoh
910 _asnk
942 _2ddc
_cOLDE
_n0
949 _617A1171246
_asnkSB 88866
_bsnk2015/26224
_o1878/2015
_s6100:20140924
949 _617A1171247
_asnkSB 88866 D1
_bsnk2015/26226
_o1878/2015
949 _62889305945
_asavukPV 21336
_bsavuk2015/3684
999 _c21954
_d21954